Language Quiz

Random Language or Italian Quiz

Feminine Nouns in Four Languages Quiz Stats

 Plays Quiz not verified by Sporcle

Challenge
Share
Tweet
Embed
Score 0/20 Timer 03:00
0 Plays Today
% Correct
bicicletta (It.)
94.3%
mesa (Sp.)
92.4%
fille (Fr.)
88.5%
palabra (Sp.)
87.9%
Mutter (Ger.)
86.6%
ragazza (It,)
84.1%
mujer (Sp.)
84.1%
revista (Sp.)
84.1%
fleur (Fr.)
82.2%
maison (Fr.)
82.2%
% Correct
monnaie (Fr.)
79.6%
sedia (It.)
77.7%
luce (It.)
75.8%
nuit (Fr.)
73.9%
ciudad (Sp.)
73.2%
Katze (Ger.)
70.1%
Schule (Ger.)
61.8%
Milch (Ger.)
49.7%
mano (Sp. and It.)
48.4%
Welt (Ger.)
44.6%

You're not logged in!

Compare scores with friends on all Sporcle quizzes.
Join for Free
OR
Log In

You Might Also Like...

Show Comments

Extras

Top Quizzes Today


Score Distribution

Your Account Isn't Verified!

In order to create a playlist on Sporcle, you need to verify the email address you used during registration. Go to your Sporcle Settings to finish the process.

Report this User

Report this user for behavior that violates our Community Guidelines.

Details: